[Event "Wch Rapid"]
[Site "New York"]
[Date "2024.12.26"]
[Round "4"]
[White "Tari, Aryan"]
[Black "Wei, Yi"]
[Result "1/2-1/2"]
[WhiteElo "2559"]
[BlackElo "2760"]
[PlyCount "56"]
[EventDate "2024.12.26"]
[EventType "swiss (rapid)"]
[EventRounds "13"]
[EventCountry "USA"]
[SourceTitle "CB01_2025"]
[SourceDate "2025.01.01"]
[SourceVersion "1"]
[SourceVersionDate "2025.01.01"]
[SourceQuality "1"]

1. e4 c5 2. Nf3 d6 3. Bb5+ Nd7 4. 0-0 a6 5. Bxd7+ Bxd7 6. c3 e6 7. d4 Nf6 8. e5 dxe5 9. dxe5 Nd5 10. c4 Nb6 11. Qe2 Be7 12. Nc3 Bc6 13. Bf4 0-0 14. Rad1 Qc7 15. Ne4 Rad8 16. b3 Rxd1 17. Rxd1 Rd8 18. Re1 Nd7 19. h4 h6 20. Qe3 Bxe4 21. Qxe4 b5 22. h5 Nb8 23. Be3 Nc6 24. Rc1 Qb6 25. Qg4 Kf8 26. Qe4 Kg8 27. Qg4 Kf8 28. Qe4 Kg8 1/2-1/2

[Event "Wch Rapid"]
[Site "New York"]
[Date "2024.12.26"]
[Round "3"]
[White "Wei, Yi"]
[Black "Fressinet, Laurent"]
[Result "1/2-1/2"]
[WhiteElo "2760"]
[BlackElo "2598"]
[PlyCount "133"]
[EventDate "2024.12.26"]
[EventType "swiss (rapid)"]
[EventRounds "13"]
[EventCountry "USA"]
[SourceTitle "CB01_2025"]
[SourceDate "2025.01.01"]
[SourceVersion "1"]
[SourceVersionDate "2025.01.01"]
[SourceQuality "1"]

1. e4 e5 2. Bc4 Nf6 3. d3 Bc5 4. Nc3 c6 5. f4 d5 6. exd5 0-0 7. fxe5 Nxd5 8. Nf3 Bg4 9. Ne4 Nd7 10. d4 Bb6 11. c3 Qe7 12. Nf2 Bxf3 13. Qxf3 Bxd4 14. cxd4 Qb4+ 15. Bd2 Qxc4 16. Qd3 Qxd3 17. Nxd3 f6 18. 0-0-0 fxe5 19. dxe5 Rae8 20. Rhe1 Re6 21. Re4 Rfe8 22. Rde1 a6 23. b3 N5f6 24. R4e2 Nd5 25. Kb2 Rf8 26. Re4 Rfe8 27. a4 Rd8 28. a5 Rde8 29. Kc2 Rf8 30. g3 Rfe8 31. Bc1 N5f6 32. R4e2 Nd5 33. Bb2 Rf8 34. Bc1 Rfe8 35. Ba3 Nc7 36. Kc1 Nb5 37. Bb2 Nc7 38. Nf4 Rh6 39. Ba3 Ne6 40. Rd1 Ndf8 41. Kb2 c5 42. Nd5 Nd4 43. Rf2 Nfe6 44. Rc1 Rh5 45. Re1 Nc6 46. Nf4 Rxe5 47. Rxe5 Nxe5 48. Rd2 Nxf4 49. gxf4 Nc6 50. Bxc5 Nxa5 51. Rd7 Re2+ 52. Kc3 Rxh2 53. b4 Rh3+ 54. Kc2 Nc4 55. Rxb7 h5 56. Ra7 Rf3 57. Rxa6 h4 58. b5 h3 59. Ra1 Rxf4 60. b6 Rf7 61. Kc3 Ne5 62. Kd4 Nd7 63. Rh1 Rf3 64. Ke4 Rb3 65. Bd4 Nxb6 66. Bxb6 Rxb6 67. Rxh3 1/2-1/2

[Event "Wch Rapid"]
[Site "New York"]
[Date "2024.12.26"]
[Round "1"]
[White "Wei, Yi"]
[Black "Hakobyan, Aram"]
[Result "1-0"]
[WhiteElo "2760"]
[BlackElo "2513"]
[PlyCount "181"]
[EventDate "2024.12.26"]
[EventType "swiss (rapid)"]
[EventRounds "13"]
[EventCountry "USA"]
[SourceTitle "CB01_2025"]
[SourceDate "2025.01.01"]
[SourceVersion "1"]
[SourceVersionDate "2025.01.01"]
[SourceQuality "1"]

1. e4 e6 2. d4 d5 3. Nc3 Nf6 4. e5 Nfd7 5. f4 c5 6. Nce2 Nc6 7. Nf3 Be7 8. c3 0-0 9. Be3 Qb6 10. Qd2 f6 11. g3 Qa6 12. dxc5 Nxc5 13. exf6 gxf6 14. Ned4 Qb6 15. Qc2 e5 16. Nxc6 Qxc6 17. Be2 Bg4 18. 0-0 Bxf3 19. Rxf3 e4 20. Rf2 Ne6 21. f5 Ng5 22. Kg2 Bc5 23. Qd2 Rad8 24. Bd4 Bxd4 25. cxd4 Rc8 26. Qe3 Qb6 27. Bd1 Rc4 28. Rd2 Kh8 29. h4 Nf7 30. Bb3 Nd6 31. Rf1 Qa5 32. Qf4 Rc6 33. g4 Nc4 34. Re2 Qc7 35. Kg3 Rg8 36. Qxc7 Rxc7 37. Kf4 h6 38. Rh1 Kg7 39. g5 fxg5+ 40. hxg5 hxg5+ 41. Kg4 Kf8 42. Rh6 Nb6 43. Rf6+ Ke7 44. Re6+ Kf8 45. Rf6+ Ke7 46. Re6+ Kf8 47. Rh2 Rc1 48. Kg3 Rc6 49. Re5 Rd6 50. a4 a5 51. Rc2 Rh8 52. Re6 Rxe6 53. fxe6 Ke7 54. Rc5 Kxe6 55. Rxa5 Nc4 56. Rb5 Rh7 57. Bxc4 dxc4 58. Rxg5 Kd6 59. Kf4 Re7 60. Re5 Rh7 61. Rb5 Rh4+ 62. Ke3 c3 63. bxc3 Kc6 64. Rc5+ Kd6 65. a5 Rg4 66. c4 Rh4 67. Rd5+ Kc7 68. Re5 Kd6 69. Rxe4 Rh3+ 70. Kd2 Ra3 71. Re5 Kc6 72. Rb5 Kc7 73. Rg5 Kc6 74. Kc2 Kd6 75. a6 bxa6 76. Rg6+ Kc7 77. d5 Ra1 78. Kc3 a5 79. c5 Rc1+ 80. Kd4 a4 81. Rg7+ Kb8 82. c6 a3 83. Rb7+ Kc8 84. Ra7 Ra1 85. d6 Rd1+ 86. Ke5 Re1+ 87. Kf4 Rf1+ 88. Ke3 Kb8 89. Rb7+ Ka8 90. d7 Rd1 91. c7 1-0

[Event "Wch Rapid"]
[Site "New York"]
[Date "2024.12.26"]
[Round "5"]
[White "Wei, Yi"]
[Black "Nesterov, Arseniy"]
[Result "1/2-1/2"]
[WhiteElo "2760"]
[BlackElo "2539"]
[PlyCount "141"]
[EventDate "2024.12.26"]
[EventType "swiss (rapid)"]
[EventRounds "13"]
[EventCountry "USA"]
[SourceTitle "CB01_2025"]
[SourceDate "2025.01.01"]
[SourceVersion "1"]
[SourceVersionDate "2025.01.01"]
[SourceQuality "1"]

1. d4 Nf6 2. Nc3 d5 3. Bf4 c5 4. e3 cxd4 5. exd4 a6 6. Nf3 Nc6 7. Ne5 Bd7 8. g3 e6 9. Bg2 Be7 10. 0-0 0-0 11. h4 Rc8 12. h5 h6 13. Re1 Ne8 14. Ne2 Nd6 15. c3 Nxe5 16. dxe5 Nc4 17. b3 Na5 18. Qd2 Nc6 19. Rad1 Qb6 20. Be3 Bc5 21. Bxc5 Qxc5 22. Nf4 Rfd8 23. Nd3 Qe7 24. f4 Na7 25. Rc1 Bb5 26. Nf2 Be8 27. Bf3 Rc7 28. Rc2 Rdc8 29. Rec1 Nb5 30. a4 Na3 31. Ra2 b5 32. axb5 Nxb5 33. c4 dxc4 34. bxc4 Rxc4 35. Rxc4 Rxc4 36. Rxa6 Rc3 37. Qd1 Rc8 38. Kg2 Rd8 39. Qc1 Nd4 40. Be4 Nb3 41. Qa3 Qxa3 42. Rxa3 Nd2 43. Ba8 Nc4 44. Ra7 Ne3+ 45. Kf3 Nf5 46. Ne4 Rb8 47. Nc5 Bc6+ 48. Bxc6 Nd4+ 49. Kg4 Nxc6 50. Rc7 Nd4 51. Nb7 Nf5 52. Kf3 Kf8 53. Nc5 Ra8 54. g4 Ra3+ 55. Kf2 Ne3 56. Rc8+ Ke7 57. Rc7+ Ke8 58. Rc8+ Ke7 59. Rc7+ Kf8 60. g5 hxg5 61. Rc8+ Ke7 62. Rc7+ Ke8 63. fxg5 Ng4+ 64. Kg2 Nxe5 65. Ne4 Kf8 66. h6 gxh6 67. gxh6 Ra2+ 68. Kg3 Ra3+ 69. Kg2 Ra2+ 70. Kh3 Ra3+ 71. Kg2 1/2-1/2

[Event "Bundesliga 2425"]
[Site "Germany"]
[Date "2024.11.30"]
[Round "3.3"]
[White "Huschenbeth, Niclas"]
[Black "Wei, Yi"]
[Result "1/2-1/2"]
[WhiteElo "2600"]
[BlackElo "2762"]
[PlyCount "104"]
[EventDate "2024.09.28"]
[EventType "team-tourn"]
[EventRounds "15"]
[EventCountry "GER"]
[SourceTitle "CB49_2024"]
[SourceDate "2024.12.04"]
[SourceVersion "1"]
[SourceVersionDate "2024.12.04"]
[SourceQuality "1"]
[WhiteTeam "Hamburger SK"]
[BlackTeam "Duesseldorf"]
[WhiteTeamCountry "GER"]
[BlackTeamCountry "GER"]

1. e4 c5 2. Nf3 d6 3. d4 cxd4 4. Nxd4 Nf6 5. Nc3 a6 6. Bg5 e6 7. Qf3 h6 8. Bd2 Qb6 9. Nb3 Qc7 10. a4 b6 11. Qg3 Bb7 12. f3 Nc6 13. 0-0-0 Nb4 14. Kb1 Rc8 15. Be3 Nd7 16. Rd2 h5 17. h4 g6 18. Be2 Be7 19. Bg5 d5 20. Qxc7 Rxc7 21. exd5 Nxd5 22. Nxd5 exd5 23. a5 b5 24. Re1 Bxg5 25. hxg5 Kd8 26. Bd3 Re8 27. Rxe8+ Kxe8 28. Re2+ Kd8 29. Nd4 Nf8 30. c3 Re7 31. Kc2 Rxe2+ 32. Bxe2 Ke7 33. Kd3 Bc8 34. g3 Kd6 35. f4 Bh3 36. Bf3 Nd7 37. b4 Nf8 38. Ke3 Ne6 39. Be2 Ng7 40. Bd3 Bg4 41. Bc2 Bh3 42. Nf3 Bf5 43. Bb3 Be6 44. Nd4 Bg4 45. Bc2 Bh3 46. Bd3 Bg4 47. Bf1 Bf5 48. Nf3 Ne6 49. Bd3 Bxd3 50. Kxd3 Ng7 51. Nd4 Kd7 52. Ke3 Nf5+ 1/2-1/2

[Event "Chengdu Chess King 2nd"]
[Site "Chengdu"]
[Date "2024.11.03"]
[Round "2.1"]
[White "Ma, Qun"]
[Black "Wei, Yi"]
[Result "0-1"]
[WhiteElo "2638"]
[BlackElo "2753"]
[PlyCount "118"]
[EventDate "2024.11.03"]
[EventType "k.o. (rapid)"]
[EventRounds "4"]
[EventCountry "CHN"]
[SourceTitle "CB45_2024"]
[Source "ChessBase"]
[SourceDate "2024.11.06"]
[SourceVersion "1"]
[SourceVersionDate "2024.11.06"]
[SourceQuality "1"]

1. e4 c5 2. Nf3 d6 3. d4 cxd4 4. Nxd4 Nf6 5. Nc3 a6 6. Bg5 e6 7. f4 Qb6 8. Qd3 Qxb2 9. Rb1 Qa3 10. f5 Be7 11. fxe6 Bxe6 12. Rxb7 Qc5 13. Nd5 Bxd5 14. exd5 h6 15. Qe3 Qa5+ 16. Kd1 0-0 17. Bxf6 Bxf6 18. Qe4 Qc3 19. Bd3 g6 20. Rxf7 Kxf7 21. Qxg6+ Ke7 22. Qh7+ Rf7 23. Nf5+ Kf8 24. Qxh6+ Rg7 25. Re1 Nd7 26. Qh8+ Rg8 27. Qh6+ Rg7 28. Re6 Kg8 29. Nxg7 Bxg7 30. Qh7+ Kf8 31. Qf5+ Nf6 32. Qf4 Kg8 33. Rxd6 Rb8 34. Ke2 Rf8 35. Qf5 Qd4 36. Qe6+ Kh8 37. Qh3+ Kg8 38. Qe6+ Kh8 39. Qh3+ Kg8 40. Bf5 Qe5+ 41. Kd1 Qxd6 42. Be6+ Rf7 43. c4 Kf8 44. Bxf7 Kxf7 45. Qc8 Bh6 46. Kc2 Kg6 47. Qh3 Qf4 48. Kb3 Qb8+ 49. Ka4 Qe8+ 50. Kb3 Qe5 51. Qd3+ Ne4 52. c5 Kg7 53. Kc4 Qe8 54. c6 Nd6+ 55. Kc5 Bf4 56. Qf3 Qe5 57. Qg4+ Kf8 58. Kb6 Qd4+ 59. Kc7 Qa7+ 0-1

[Event "Chengdu Chess King 2nd"]
[Site "Chengdu"]
[Date "2024.11.03"]
[Round "2.2"]
[White "Wei, Yi"]
[Black "Ma, Qun"]
[Result "0-1"]
[WhiteElo "2753"]
[BlackElo "2638"]
[PlyCount "56"]
[EventDate "2024.11.03"]
[EventType "k.o. (rapid)"]
[EventRounds "4"]
[EventCountry "CHN"]
[SourceTitle "CB45_2024"]
[Source "ChessBase"]
[SourceDate "2024.11.06"]
[SourceVersion "1"]
[SourceVersionDate "2024.11.06"]
[SourceQuality "1"]

1. e4 Nf6 2. e5 Nd5 3. d4 d6 4. c4 Nb6 5. f4 dxe5 6. fxe5 Bf5 7. Nc3 e6 8. Nf3 Bb4 9. Be2 c5 10. 0-0 0-0 11. a3 Bxc3 12. bxc3 Nc6 13. Be3 Rc8 14. d5 Na5 15. Nd2 Bg6 16. d6 Nd7 17. Nf3 Nc6 18. Bf4 f6 19. exf6 Qxf6 20. Bd2 e5 21. Be3 e4 22. Qd5+ Bf7 23. Qxe4 Rce8 24. Qd3 Bg6 25. Qd5+ Bf7 26. Qd3 Qe6 27. Kf2 Nde5 28. Nxe5 Bg6+ 0-1

[Event "EU-Cup 39th"]
[Site "Vrnjacka Banja"]
[Date "2024.10.26"]
[Round "7.2"]
[White "Wei, Yi"]
[Black "Maurizzi, Marc Andria"]
[Result "1-0"]
[WhiteElo "2763"]
[BlackElo "2594"]
[PlyCount "133"]
[EventDate "2024.10.20"]
[EventType "team-swiss"]
[EventRounds "7"]
[EventCountry "SRB"]
[SourceTitle "CB44_2024"]
[Source "Chessbase"]
[SourceDate "2024.10.30"]
[SourceVersion "1"]
[SourceVersionDate "2024.10.30"]
[SourceQuality "1"]
[WhiteTeam "Alkaloid"]
[BlackTeam "Chartres"]
[WhiteTeamCountry "MKD"]
[BlackTeamCountry "FRA"]

1. e4 e5 2. Nf3 Nc6 3. Bc4 Nf6 4. d3 h6 5. c3 Bc5 6. b4 Be7 7. Qb3 0-0 8. a4 d6 9. 0-0 Nb8 10. Nbd2 c6 11. Qa2 a5 12. b5 d5 13. Bb3 Nbd7 14. exd5 cxd5 15. Re1 Qc7 16. Bb2 e4 17. dxe4 dxe4 18. Nxe4 Nxe4 19. Rxe4 Nc5 20. Re3 Nxb3 21. Qxb3 Bf6 22. Rc1 Bg4 23. c4 Bxb2 24. Qxb2 Bxf3 25. Rxf3 Rfe8 26. h4 Re5 27. Rg3 g6 28. Qd2 h5 29. Re3 Rae8 30. Rxe5 Rxe5 31. Qd4 Qc5 32. Qxc5 Rxc5 33. f4 Kf8 34. Kf2 Ke7 35. Ke3 b6 36. Kd4 f6 37. Re1+ Kd7 38. Re3 Rf5 39. g3 Rc5 40. Rd3 Ke6 41. Kc3 Ke7 42. Re3+ Kd7 43. Kd4 Rf5 44. Re2 Rc5 45. Re4 Rc8 46. Kd3 Rc5 47. Rd4+ Ke7 48. Ke4 Ke6 49. Kf3 Ke7 50. g4 hxg4+ 51. Kxg4 Ke6 52. Kf3 Ke7 53. Kg3 Ke6 54. Kf2 Ke7 55. Kf3 Rc8 56. f5 gxf5 57. h5 Kf7 58. Ke3 Ke6 59. h6 Ke5 60. h7 Rh8 61. Rh4 f4+ 62. Kf3 Kd4 63. Kxf4 Kxc4 64. Kf5+ Kb3 65. Kxf6 Rxh7 66. Rxh7 Kxa4 67. Ke5 1-0

[Event "EU-Cup 39th"]
[Site "Vrnjacka Banja"]
[Date "2024.10.25"]
[Round "6.2"]
[White "Wei, Yi"]
[Black "Keymer, Vincent"]
[Result "1/2-1/2"]
[WhiteElo "2763"]
[BlackElo "2721"]
[PlyCount "155"]
[EventDate "2024.10.20"]
[EventType "team-swiss"]
[EventRounds "7"]
[EventCountry "SRB"]
[SourceTitle "CB44_2024"]
[Source "Chessbase"]
[SourceDate "2024.10.30"]
[SourceVersion "1"]
[SourceVersionDate "2024.10.30"]
[SourceQuality "1"]
[WhiteTeam "Alkaloid"]
[BlackTeam "Novy Bor"]
[WhiteTeamCountry "MKD"]
[BlackTeamCountry "CZE"]

1. e4 e5 2. Nf3 Nc6 3. Bc4 Nf6 4. d3 h6 5. c3 Be7 6. 0-0 0-0 7. Re1 d6 8. a4 Be6 9. Nbd2 a5 10. Nf1 Qc8 11. Ng3 Bxc4 12. dxc4 Qe6 13. Nf5 Kh7 14. Qd3 Ng8 15. Ne3 Rae8 16. b4 Nb8 17. Nd5 Bd8 18. bxa5 Na6 19. Ba3 c6 20. Ne3 Nc5 21. Bxc5 dxc5 22. Rab1 Re7 23. Nf5 Rd7 24. Qe3 Re8 25. Qxc5 Nf6 26. Ng3 g6 27. Red1 Bc7 28. Rxd7 Nxd7 29. Qa7 Bd6 30. Qe3 Nc5 31. h4 Ra8 32. h5 Rxa5 33. Rd1 Rxa4 34. Nh2 Be7 35. Qf3 Qf6 36. Qe2 Qf4 37. Ng4 Bh4 38. hxg6+ fxg6 39. Nf1 h5 40. Nge3 Bg5 41. g3 Qf7 42. Nh2 Nxe4 43. Nf3 Bf6 44. Qd3 Ng5 45. Nxg5+ Bxg5 46. Qe4 Ra2 47. Nc2 Rb2 48. c5 Qf5 49. Qxf5 gxf5 50. Na3 Bf6 51. Nc4 Rb5 52. Nb6 Bg7 53. c4 Rxc5 54. Rd7 e4 55. Rxb7 Ra5 56. Rc7 Ra1+ 57. Kg2 Ra2 58. Kf1 Rc2 59. Nc8 h4 60. gxh4 f4 61. Nd6 f3 62. Ke1 Kh8 63. Rc8+ Kh7 64. Rc7 Kg8 65. Rc8+ Bf8 66. Re8 Re2+ 67. Kd1 Rxf2 68. Nxe4 Rh2 69. Ng5 Rh1+ 70. Re1 Rxh4 71. Nxf3 Rxc4 72. Ne5 Rc5 73. Nd3 Rd5 74. Kc2 Bd6 75. Re8+ Kf7 76. Rc8 c5 77. Kc3 Ke6 78. Rxc5 1/2-1/2

[Event "EU-Cup 39th"]
[Site "Vrnjacka Banja"]
[Date "2024.10.24"]
[Round "5.2"]
[White "Maghsoodloo, Parham"]
[Black "Wei, Yi"]
[Result "1-0"]
[WhiteElo "2719"]
[BlackElo "2763"]
[PlyCount "95"]
[EventDate "2024.10.20"]
[EventType "team-swiss"]
[EventRounds "7"]
[EventCountry "SRB"]
[SourceTitle "CB44_2024"]
[Source "Chessbase"]
[SourceDate "2024.10.30"]
[SourceVersion "1"]
[SourceVersionDate "2024.10.30"]
[SourceQuality "1"]
[WhiteTeam "Turkish Airlines"]
[BlackTeam "Alkaloid"]
[WhiteTeamCountry "TUR"]
[BlackTeamCountry "MKD"]

1. e4 c5 2. Nf3 d6 3. Bb5+ Nd7 4. a4 Ngf6 5. Nc3 a6 6. Be2 b6 7. d4 cxd4 8. Qxd4 e5 9. Qe3 Bb7 10. 0-0 Be7 11. Nd2 0-0 12. Rd1 Qc7 13. b3 Nc5 14. Ba3 Ne6 15. Nc4 Nd4 16. Rxd4 exd4 17. Qxd4 b5 18. Nb6 Rab8 19. a5 Rfe8 20. Bf3 Bf8 21. Rd1 Rbd8 22. Bb4 Re5 23. Qd3 Rde8 24. Ncd5 Bxd5 25. exd5 Ne4 26. c4 Nc5 27. Qc3 bxc4 28. Qxc4 Qe7 29. h3 Qg5 30. Bd2 Qg6 31. b4 Nd3 32. Qc3 R5e7 33. Nc8 Rd7 34. Be3 Nb2 35. Rc1 Nd3 36. Rd1 Nb2 37. Rc1 Nd3 38. Rf1 Ne5 39. Be2 Qf6 40. Rc1 g5 41. Bxa6 Rdd8 42. Bb6 g4 43. Bxd8 Qxd8 44. Bb5 Bg7 45. Qg3 Rf8 46. hxg4 f5 47. gxf5 Rxf5 48. Nb6 1-0

[Event "EU-Cup 39th"]
[Site "Vrnjacka Banja"]
[Date "2024.10.23"]
[Round "4.2"]
[White "Yakubboev, Nodirbek"]
[Black "Wei, Yi"]
[Result "1-0"]
[WhiteElo "2654"]
[BlackElo "2763"]
[PlyCount "125"]
[EventDate "2024.10.20"]
[EventType "team-swiss"]
[EventRounds "7"]
[EventCountry "SRB"]
[SourceTitle "CB44_2024"]
[Source "Chessbase"]
[SourceDate "2024.10.30"]
[SourceVersion "1"]
[SourceVersionDate "2024.10.30"]
[SourceQuality "1"]
[WhiteTeam "Ljubljana Tajfun"]
[BlackTeam "Alkaloid"]
[WhiteTeamCountry "SLO"]
[BlackTeamCountry "MKD"]

1. d4 Nf6 2. Nf3 g6 3. Nbd2 d5 4. b4 Bg7 5. Bb2 a5 6. b5 a4 7. Rc1 c6 8. e3 0-0 9. Ba3 cxb5 10. Bxb5 Qa5 11. Bd3 Ne4 12. c3 Bf5 13. Qc2 Nxd2 14. Nxd2 Bxd3 15. Qxd3 Nc6 16. Rb1 Rfc8 17. Rxb7 e6 18. 0-0 Nd8 19. Bb4 Qa6 20. Qxa6 Rxa6 21. Rb5 Bf8 22. Rc1 Bxb4 23. Rxb4 Nc6 24. Rb5 Na7 25. Rb7 Rcc6 26. Kf1 Rcb6 27. Rb1 Rc6 28. Nf3 Rxc3 29. Ne5 Nc6 30. Nxf7 Ra7 31. Rxa7 Nxa7 32. Ng5 Nc6 33. Nxe6 a3 34. Rb7 h5 35. Rg7+ Kh8 36. Rc7 Rc4 37. g4 Nb4 38. Ra7 Rc3 39. gxh5 gxh5 40. Nc7 Rc2 41. Ne8 Nd3 42. f4 Kg8 43. Nf6+ Kf8 44. Rxa3 Rf2+ 45. Kg1 Rd2 46. Nxd5 h4 47. h3 Ne1 48. e4 Nc2 49. Ra8+ Kg7 50. Ra7+ Kh6 51. Nf6 Nxd4 52. Ng4+ Kg6 53. Ne5+ Kh6 54. Kf1 Rc2 55. Ng4+ Kg6 56. f5+ Kg5 57. f6 Kf4 58. f7 Rc8 59. e5 Nf3 60. e6 Ng5 61. Re7 Kf3 62. Ke1 Ne4 63. f8Q+ 1-0

[Event "EU-Cup 39th"]
[Site "Vrnjacka Banja"]
[Date "2024.10.22"]
[Round "3.2"]
[White "Wei, Yi"]
[Black "Steinberg, Nitzan"]
[Result "1/2-1/2"]
[WhiteElo "2763"]
[BlackElo "2554"]
[PlyCount "86"]
[EventDate "2024.10.20"]
[EventType "team-swiss"]
[EventRounds "7"]
[EventCountry "SRB"]
[SourceTitle "CB44_2024"]
[Source "Chessbase"]
[SourceDate "2024.10.30"]
[SourceVersion "1"]
[SourceVersionDate "2024.10.30"]
[SourceQuality "1"]
[WhiteTeam "Alkaloid"]
[BlackTeam "Beer Sheva"]
[WhiteTeamCountry "MKD"]
[BlackTeamCountry "ISR"]

1. e4 c5 2. Nf3 d6 3. d4 cxd4 4. Nxd4 Nf6 5. Nc3 a6 6. Bg5 e6 7. Qf3 Nbd7 8. 0-0-0 Qc7 9. Qg3 Be7 10. a3 b5 11. f4 Rb8 12. Be2 b4 13. axb4 Rxb4 14. e5 dxe5 15. fxe5 Qxe5 16. Nc6 Qxg3 17. hxg3 Rb6 18. Nxe7 Kxe7 19. Bd2 Re8 20. Na4 Rb8 21. Rh4 Kf8 22. g4 Ne4 23. Be3 h6 24. Bf3 f5 25. Bxe4 fxe4 26. Nc3 Nf6 27. g5 hxg5 28. Bxg5 e3 29. Bxf6 gxf6 30. Ne4 e2 31. Rh8+ Ke7 32. Rh7+ Kf8 33. Rdh1 f5 34. Nc3 Rb7 35. Nxe2 Rg7 36. Nf4 Kf7 37. Kd2 e5 38. Nd3 Bb7 39. R1h5 Be4 40. g3 Rxh7 41. Rxh7+ Kg6 42. Ra7 Bxd3 43. cxd3 Re6 1/2-1/2

[Event "EU-Cup 39th"]
[Site "Vrnjacka Banja"]
[Date "2024.10.21"]
[Round "2.2"]
[White "Sahidi, Samir"]
[Black "Wei, Yi"]
[Result "0-1"]
[WhiteElo "2481"]
[BlackElo "2763"]
[PlyCount "100"]
[EventDate "2024.10.20"]
[EventType "team-swiss"]
[EventRounds "7"]
[EventCountry "SRB"]
[SourceTitle "CB44_2024"]
[Source "Chessbase"]
[SourceDate "2024.10.30"]
[SourceVersion "1"]
[SourceVersionDate "2024.10.30"]
[SourceQuality "1"]
[WhiteTeam "Nitra K CERO"]
[BlackTeam "Alkaloid"]
[WhiteTeamCountry "SVK"]
[BlackTeamCountry "MKD"]

1. d4 Nf6 2. c4 e6 3. Nf3 d5 4. Nc3 c6 5. e3 Nbd7 6. Qc2 Bd6 7. Bd2 0-0 8. Bd3 Qe7 9. h3 dxc4 10. Bxc4 b5 11. Bd3 Bb7 12. 0-0 b4 13. Na4 c5 14. dxc5 Nxc5 15. Nxc5 Bxc5 16. Rac1 Rac8 17. Qb1 e5 18. Be2 e4 19. Nd4 Qe5 20. Rfd1 h5 21. Be1 h4 22. Rxc5 Qxc5 23. a3 a5 24. Nb3 Qc2 25. Nd4 Qxb1 26. Rxb1 Nd5 27. Nb3 bxa3 28. Nxa5 Rc2 29. bxa3 Rxe2 30. Nxb7 Rb8 31. Ba5 Ra2 32. Rb5 Rxa3 33. Rxd5 Rxb7 34. Kh2 Rb1 35. g3 Ra2 36. Kg2 hxg3 37. Kxg3 Rf1 38. Kf4 Rfxf2+ 39. Kxe4 Ra4+ 40. Kd3 Rh2 41. Rh5 f6 42. Bb6 Ra1 43. Bc7 Rb2 44. Ke4 Rb4+ 45. Kf3 g5 46. Bg3 Ra5 47. Ke2 Ra2+ 48. Kf3 Kg7 49. Bd6 Rb6 50. Bc5 Rb8 0-1

[Event "EU-Cup 39th"]
[Site "Vrnjacka Banja"]
[Date "2024.10.20"]
[Round "1.2"]
[White "Wei, Yi"]
[Black "Ostlund, Joar"]
[Result "1-0"]
[WhiteElo "2763"]
[BlackElo "2339"]
[PlyCount "63"]
[EventDate "2024.10.20"]
[EventType "team-swiss"]
[EventRounds "7"]
[EventCountry "SRB"]
[SourceTitle "CB44_2024"]
[Source "Chessbase"]
[SourceDate "2024.10.30"]
[SourceVersion "1"]
[SourceVersionDate "2024.10.30"]
[SourceQuality "1"]
[WhiteTeam "Alkaloid"]
[BlackTeam "Wasa"]
[WhiteTeamCountry "MKD"]
[BlackTeamCountry "SWE"]

1. c4 e6 2. Nc3 d5 3. d4 Nf6 4. cxd5 exd5 5. Bg5 c6 6. e3 Bd6 7. Bd3 0-0 8. Nge2 Re8 9. Qc2 h6 10. Bh4 a5 11. h3 Na6 12. a3 Nc7 13. 0-0 Ne6 14. f4 Nf8 15. Rf3 Be7 16. Ng3 Bd7 17. Rc1 Kh8 18. Kh2 b5 19. Nf5 Bxf5 20. Bxf5 g6 21. Bd3 Ne4 22. Bxe7 Qxe7 23. Bxe4 dxe4 24. Rf2 Nd7 25. d5 Rac8 26. Qd1 cxd5 27. Nxd5 Qd6 28. Rd2 Nf6 29. Nc7 Qxc7 30. Rxc7 Rxc7 31. Rd6 Kg7 32. Rxf6 1-0

[Event "London TechM GCL Final"]
[Site "London"]
[Date "2024.10.12"]
[Round "1.2"]
[White "Abdusattorov, Nodirbek"]
[Black "Wei, Yi"]
[Result "0-1"]
[WhiteElo "2783"]
[BlackElo "2763"]
[PlyCount "174"]
[EventDate "2024.10.12"]
[EventType "team-match"]
[EventRounds "2"]
[EventCountry "ENG"]
[SourceTitle "CB42_2024"]
[Source "ChessBase"]
[SourceDate "2024.10.16"]
[SourceVersion "1"]
[SourceVersionDate "2024.10.16"]
[SourceQuality "1"]
[WhiteTeam "PBG Alaskan Knights"]
[BlackTeam "Triveni Continental Kings"]
[WhiteTeamCountry "USA"]
[BlackTeamCountry "ENG"]

1. e4 c5 2. Nf3 d6 3. d4 cxd4 4. Nxd4 Nf6 5. Nc3 a6 6. h3 e5 7. Nde2 h5 8. g3 b5 9. Nd5 Nbd7 10. Bg2 Bb7 11. Nec3 Nxd5 12. Nxd5 Bxd5 13. Qxd5 h4 14. Be3 Be7 15. Qd2 Rc8 16. g4 0-0 17. g5 Qc7 18. c3 Qc4 19. Bf3 Nc5 20. Bxc5 Rxc5 21. Rg1 d5 22. exd5 e4 23. Be2 Qxd5 24. Qxd5 Rxd5 25. Rg4 Re5 26. a4 Bxg5 27. axb5 axb5 28. Ra5 Rb8 29. c4 Bd8 30. Rxb5 Rbxb5 31. cxb5 g5 32. Bc4 Kg7 33. Ke2 Bb6 34. f4 exf3+ 35. Kxf3 Re3+ 36. Kg2 Kg6 37. Bf1 Rb3 38. Rc4 Rxb2+ 39. Kh1 Be3 40. Bd3+ Kf6 41. Rc2 Rb4 42. Bc4 Ke7 43. Re2 Rxc4 44. Rxe3+ Kd6 45. Rf3 Ke6 46. Rb3 Rc7 47. b6 Rb7 48. Kg2 Kd6 49. Rf3 Ke6 50. Rb3 f6 51. Kf3 Kd6 52. Ke4 Kc5 53. Rc3+ Kb5 54. Rb3+ Ka5 55. Kf5 Rxb6 56. Rc3 Kb5 57. Rc1 Rc6 58. Rb1+ Kc5 59. Rc1+ Kb6 60. Rd1 Kc7 61. Rd2 Rd6 62. Re2 Kc6 63. Rc2+ Kd7 64. Re2 Rb6 65. Re1 Rc6 66. Re2 Kc7 67. Rd2 Rd6 68. Rc2+ Kb7 69. Rc1 Kb6 70. Rc2 Rc6 71. Rd2 Kb5 72. Rb2+ Kc5 73. Rd2 Rb6 74. Rd1 Kc4 75. Rd2 Kc3 76. Rd1 Ra6 77. Rd8 Rc6 78. Rd1 Kb4 79. Rd4+ Rc4 80. Rd6 Rf4+ 81. Kg6 Rf3 82. Rc6 Rxh3 83. Rxf6 Rg3 84. Rf1 h3 85. Kf5 g4 86. Kf4 Rg2 87. Rh1 h2 0-1

[Event "London TechM GCL Final"]
[Site "London"]
[Date "2024.10.12"]
[Round "1.2"]
[White "Wei, Yi"]
[Black "Abdusattorov, Nodirbek"]
[Result "0-1"]
[WhiteElo "2763"]
[BlackElo "2783"]
[PlyCount "194"]
[EventDate "2024.10.12"]
[EventType "team-match"]
[EventRounds "2"]
[EventCountry "ENG"]
[SourceTitle "CB42_2024"]
[Source "ChessBase"]
[SourceDate "2024.10.16"]
[SourceVersion "1"]
[SourceVersionDate "2024.10.16"]
[SourceQuality "1"]
[WhiteTeam "Triveni Continental Kings"]
[BlackTeam "PBG Alaskan Knights"]
[WhiteTeamCountry "ENG"]
[BlackTeamCountry "USA"]

1. b3 Nf6 2. Bb2 d5 3. Nf3 e6 4. c4 b6 5. g3 Bb7 6. Bg2 Nbd7 7. 0-0 Be7 8. e3 0-0 9. Qe2 c5 10. Nc3 Rc8 11. Rac1 Qc7 12. Rfd1 Qb8 13. d4 cxd4 14. exd4 Qa8 15. a4 Rfd8 16. a5 dxc4 17. bxc4 Bb4 18. axb6 Bxc3 19. Bxc3 axb6 20. Ra1 Qb8 21. Bd2 Be4 22. Bf1 Qb7 23. Ne1 h6 24. f3 Bc6 25. Bg2 Ra8 26. Nd3 Rxa1 27. Rxa1 Ra8 28. Rb1 Qa7 29. Nb4 Bb7 30. Bc3 Rc8 31. Ra1 Qb8 32. Rc1 Qa8 33. Ra1 Qb8 34. Rc1 Qd6 35. Bh3 Ra8 36. Kf2 Ra4 37. Rb1 Qb8 38. Qd1 Ra3 39. Rb3 Rxb3 40. Qxb3 Qa8 41. Bb2 Qc8 42. Bf1 Ne8 43. Be2 Nd6 44. Nc2 Nf5 45. Ne3 Nxe3 46. Qxe3 Ba6 47. Qb3 Qc6 48. Ba3 Nf6 49. Qb4 Qc8 50. Qb3 Qd8 51. Qe3 Qc8 52. Qb3 Qd8 53. Qe3 Qc8 54. Qd3 Qd8 55. h4 Qc7 56. Bb4 Nh5 57. f4 Nf6 58. Ba3 Bb7 59. Ke1 Qc6 60. Kd2 Qg2 61. Kc1 Ne4 62. g4 Qf2 63. f5 Ng3 64. Bd1 Be4 65. Qd2 Qf1 66. Kb2 Qxc4 67. Bb3 Qb5 68. fxe6 Bd5 69. exf7+ Bxf7 70. Qb4 Qe2+ 71. Bc2 Bg6 72. Qb3+ Kh7 73. h5 Be4 74. d5 Nf1 75. Qa4 Qxc2+ 76. Qxc2 Bxc2 77. Kxc2 Ne3+ 78. Kd3 Nxd5 79. Ke4 Nf6+ 80. Kf5 b5 81. Bc5 Nd7 82. Bd6 Nb6 83. g5 hxg5 84. Kxg5 Nd5 85. Kf5 Nf6 86. Ke5 Nxh5 87. Kd4 Kg6 88. Bf8 Nf4 89. Bd6 Kf5 90. Kc5 g5 91. Kxb5 Ke4 92. Kc6 g4 93. Bc5 g3 94. Kd6 Nd3 95. Bg1 Nf2 96. Ke6 Kf3 97. Kf5 Kg2 0-1